Normal view
MARC view
- SYED ZULFIQAR HUSSAIN
Entry Personal Name
001 - CONTROL NUMBER
- control field: 108218
003 - CONTROL NUMBER IDENTIFIER
- control field: NUST
005 - DATE AND TIME OF LATEST TRANSACTION
- control field: 20230131122726.0
008 - FIXED-LENGTH DATA ELEMENTS
- fixed length control field: 230131|| aca||aabn | a|a d
040 ## - CATALOGING SOURCE
- Original cataloging agency: NUST
- Transcribing agency: NUST
100 ## - HEADING--PERSONAL NAME
- Personal name: SYED ZULFIQAR HUSSAIN
670 ## - SOURCE DATA FOUND
- Source citation: Work cat.: (NUST): SYED ZULFIQAR HUSSAIN, TH-SOF-0877-INVESTIGAATION OF COMMPRESSIIVE PROOPERTIEES OF3D WOVEN FIBER REINFORCED POLYMERIC COMPOSITES THROUGH COMBINED END, 2014.
